000
00329nam a22001457a 4500
008
210603b ||||| |||| 00| 0 eng d
020
_a
9780199338498
041
_a
eng
080
_2
12th
_a
070
082
_a
070
100
_a
40
101
_a
MED
245
_a
Understanding human communication
_c
Adler,R.B
942
_2
udc
_c
BK
999
_c
57941
_d
57941